[Event "RUS-chT Premier League Women 2018"]
[Site "Sochi"]
[Date "2018.05.03"]
[Round "3"]
[White "Kosteniuk, Alexandra"]
[Black "Ushenina, Anna"]
[Result "1-0"]
[WhiteElo "2555"]
[BlackElo "2443"]
[Annotator "TA"]
[PlyCount "93"]
[EventDate "2018.??.??"]
[EventCountry "RUS"]
[SourceTitle "playchess.com"]
[Source "ChessBase"]
[SourceQuality "1"]

{[%evp 21,93,26,18,20,20,10,18,15,18,15,35,0,0,-9,9,-18,-22,-26,0,-12,-1,-36,-5,-12,0,0,33,42,39,23,33,22,37,39,39,39,75,70,68,72,62,75,176,155,144,92,119,102,95,91,94,31,15,15,76,14,14,14,14,14,19,19,19,19,29967,29971,29967,29971,29969,29972,29972,29972,29965,29965]} 1. d4 d5 2. c4 c6 3. cxd5 cxd5 4. Bf4 Nc6 5. e3 Nf6 6. Nc3 Bg4 7. Qb3 {D10: Slav Defence: 3 cxd5 (without early Nf3) and 3 Nc3} Na5 8. Qa4+ Bd7 9. Qc2 e6 10. Bd3 Nh5 11. Be5 Nc6 {LiveBook: 12 Games} 12. Qe2 Nxe5 13. dxe5 g6 14. Nf3 Bb4 {[#]} 15. O-O $146 a6 16. Nd4 O-O 17. f4 f6 18. exf6 Nxf6 19. Kh1 Bc5 20. Nf3 Bd6 21. Qe1 Qe7 22. Qh4 Bc6 23. Ne2 Bb5 24. Bxb5 axb5 25. Ned4 Bc5 26. Qh3 Rfe8 27. Ng5 {[%cal Rd4e6]} Bxd4 28. exd4 Qd6 29. Rae1 Re7 30. Rxe6 Rxe6 31. Nxe6 Rxa2 (31... Re8 $16 32. Nc5 Qxf4) 32. f5 $18 Ra6 33. Nc5 ({Better is} 33. Qh4 Qe7 34. Nc5) 33... Ra8 $16 34. fxg6 hxg6 35. Nxb7 Qf4 {[%cal Rf4f1]} 36. Qe6+ (36. Rxf4 $2 Ra1+ 37. Rf1 Rxf1#) (36. Qd3 $1 $16 Qe4 37. Qd2 (37. Qxb5 Qxd4 38. Nd6 Rf8 $14)) 36... Kg7 {[%cal Rf4f1]} 37. Qe7+ (37. Rxf4 $2 Ra1+ 38. Qe1 Rxe1+ 39. Rf1 Rxf1#) 37... Kh6 (37... Kh8 $11 {keeps the balance.} 38. Qe1 (38. Rxf4 $2 Ra1+ 39. Qe1 Rxe1+ 40. Rf1 Rxf1#) 38... Qxd4) 38. Qe2 (38. Rxf4 $2 {gets mated.} Ra1+ 39. Qe1 Rxe1+ 40. Rf1 Rxf1#) (38. Qe1 $16 Re8 39. Qd1 (39. Rxf4 $2 {is a self mate.} Rxe1+ 40. Rf1 Rxf1#)) 38... Qxd4 $11 39. Nd6 {Strongly threatening Qe1.} ({But not} 39. Qxb5 $2 Ne4 $19) 39... Ne4 40. Nxe4 dxe4 {[%mdl 4096] Endgame KQR-KQR} 41. Rd1 $36 {[%mdl 2048] White has the initiative.} Qe5 42. Qe3+ g5 $2 {[%mdl 8192]} (42... Kg7 $11) 43. Qb6+ $1 {White mates.} Kh5 {[#]} 44. Qb7 $1 Rh8 45. Qf7+ Kg4 46. Qd7+ Kh5 {[#]} 47. Rd6 $1 {Precision: White = 72%, Black = 39%.} 1-0

[Event "RUS-chT Premier League Women 2018"]
[Site "Sochi"]
[Date "2018.05.03"]
[Round "3"]
[White "Pogonina, Natalija"]
[Black "Kashlinskaya, Alina"]
[Result "1-0"]
[WhiteElo "2457"]
[BlackElo "2448"]
[Annotator "TA"]
[PlyCount "145"]
[EventDate "2018.??.??"]
[EventCountry "RUS"]
[SourceTitle "playchess.com"]
[Source "ChessBase"]
[SourceQuality "1"]

{[%evp 12,145,8,-2,14,9,10,14,18,10,14,14,27,-4,0,-16,0,0,0,-12,0,-14,0,-6,0,0,7,0,0,0,0,0,6,12,12,10,12,15,20,20,20,20,27,20,19,18,24,0,6,3,14,14,4,2,15,6,59,60,59,40,68,40,50,41,41,8,41,29,48,27,27,27,31,27,31,27,32,32,79,88,93,93,103,101,81,70,115,111,106,35,37,40,40,41,36,49,425,258,466,458,439,421,1483,1450,1413,1398,1339,1259,1169,668,12850,10974,29950,12585,29955,29957,29959,29960,29959,29956,29950,29951,12826,12637,11445,11467,11428,11428,7848,8633,4627,7003,5544,5544,4610,4543]} 1. d4 Nf6 2. c4 e6 3. Nf3 d5 4. Nc3 Bb4 5. e3 O-O 6. Bd3 b6 7. O-O Ba6 {E52: Nimzo-Indian: Rubinstein: 4...0-0 5 Nf3 d5 6 Bd3 b6} (7... c5 {with more complications.} 8. cxd5 exd5 9. Ne5 Bb7 10. Bd2 Nc6) 8. Qe2 Bxc3 (8... c5 9. dxc5 Nbd7 10. cxd5 Bxd3 11. Qxd3 Nxc5 12. Qb5 Bxc3 13. dxe6 fxe6 14. bxc3 Nfe4 15. Nd4 {½-½ (49) Mamedyarov,S (2799)-Bocharov,D (2583) Riadh 2017}) 9. bxc3 dxc4 {The position is equal.} 10. Bxc4 Bxc4 11. Qxc4 c5 12. dxc5 Qc7 13. Qb5 $146 ({Predecessor:} 13. Ba3 Nbd7 14. Qd4 bxc5 15. Qa4 {0-1 (23) Ioannidis,E (2302)-Sidhant,M (2371) Tarvisio 2017}) 13... bxc5 14. c4 Nbd7 15. Bd2 Rab8 16. Qa5 Qc6 17. Rfb1 h6 18. Be1 Rb7 19. Rb3 Rfb8 20. Rab1 Rb6 21. h3 Kh7 22. Qc3 Kg8 23. Qc2 Qe4 24. Qxe4 Nxe4 25. Ba5 Rxb3 26. axb3 Kf8 27. Kf1 Ke7 28. Ke2 Rb7 29. g4 f6 30. Rb2 Nb8 31. Nd2 Nxd2 32. Kxd2 $11 {[%mdl 4096] Endgame KRB-KRN} Nc6 33. Bc3 Nb4 (33... e5 $11) 34. Bxb4 $14 Rxb4 {KR-KR} 35. Kc3 a6 36. h4 g5 37. hxg5 hxg5 38. f3 Rb6 39. Rh2 Kd6 40. Rh7 Ke5 41. Rd7 Rb8 42. Rc7 Kd6 43. Ra7 Rb6 44. Ra8 Ke5 45. Rc8 Kd6 {[#]} 46. f4 $1 Rc6 47. Rg8 gxf4 48. exf4 Rc7 49. Rd8+ Kc6 50. Rf8 (50. Ra8 $16) 50... Rg7 $1 51. Rxf6 {Hoping for g5.} Rxg4 52. Rxe6+ Kd7 53. Rf6 Ke7 $2 {[%mdl 8192]} (53... Rg3+ $14 54. Kb2 Rg2+ 55. Ka3 Rf2) 54. Rf5 Kd6 $2 {[#]} (54... Rg3+ 55. Kb2 Kd6 56. Rf6+ Kd7 57. Rxa6 Rg8) 55. Kd3 $1 $18 {[%cal Rd3e4]} Rg3+ 56. Ke4 Rxb3 (56... Ke7 $142 57. Rxc5 Rxb3 58. Rc7+ Kd8) 57. Rf6+ Ke7 58. Rxa6 Rc3 59. Kd5 Rf3 60. Re6+ Kd7 61. Re4 Rf2 62. Kxc5 Rf1 63. Kd5 Rd1+ 64. Rd4 Rh1 65. f5 Rf1 66. Ke5+ Ke7 67. Rf4 {White is clearly winning.} Re1+ 68. Kd5 {White wants to mate with Re4+.} Rd1+ 69. Kc5 Kf6 70. Rf2 Rc1 71. Kd5 Rd1+ 72. Kc6 Rc1 73. c5 {Precision: White = 69%, Black = 38%.} 1-0

[Event "RUS-chT Premier League Women 2018"]
[Site "Sochi"]
[Date "2018.05.03"]
[Round "3"]
[White "Bodnaruk, Anastasia"]
[Black "Ambartsumova, Karina"]
[Result "1-0"]
[WhiteElo "2446"]
[BlackElo "2375"]
[Annotator "TA"]
[PlyCount "87"]
[EventDate "2018.??.??"]
[EventCountry "RUS"]
[SourceTitle "playchess.com"]
[Source "ChessBase"]
[SourceQuality "1"]

{[%evp 16,87,3,0,9,0,16,0,-8,-4,0,0,10,25,17,14,22,0,5,2,41,42,87,52,50,54,68,47,100,97,89,101,102,99,98,89,108,67,81,48,86,89,137,113,122,123,115,112,133,126,184,187,176,186,195,201,202,85,202,202,428,205,664,611,795,729,29992,29993,29993,29994,29994,29995,29995,29996]} 1. e4 e5 2. Nf3 Nf6 3. Nxe5 d6 4. Nf3 Nxe4 5. Nc3 Nxc3 6. dxc3 {[%cal Bd2c3,Bc3c4][%mdl 32]} Be7 7. Be3 O-O 8. Bd3 {C42: Petroff Defence: 3 Nxe5 and unusual White 3rd moves} (8. Qd2 Nd7 9. O-O-O Nf6 10. h3 c5 11. Bf4 Be6 12. a3 d5 13. Ng5 Bd7 14. g4 Bc6 15. Bg2 Re8 {½-½ (98) Caruana,F (2784)-Hou,Y (2654) Karlsruhe/Baden-Baden 2018}) 8... Nd7 9. Qe2 {LiveBook: 9 Games} Nf6 10. O-O-O {The position is equal.} c6 11. c4 $146 ({Predecessor:} 11. Rhe1 Qa5 12. Kb1 Re8 13. Nd4 c5 14. Nf5 Bf8 15. Qf3 c4 {0-1 (27) Pasoglou,E (1809)-Gevorgyan,M (2218) Aghios Kirykos 2016}) 11... Re8 12. h3 Qa5 13. Kb1 d5 14. Nd4 Bd7 15. g4 dxc4 16. Bxc4 b5 17. Bd3 Nd5 18. Be4 Nxe3 19. Qxe3 Bf6 20. Nb3 Qc7 {[#]} 21. Bxh7+ $1 {[%mdl 512]} Kh8 ({Better is} 21... Kxh7 $14 22. Qd3+ Kg8 23. Qxd7 Qe5) 22. Be4 $1 $16 {g5 is the strong threat.} Qe5 {[%csl Gf6][%cal Re5b2]} 23. c3 $36 {[%mdl 2048] Hoping for Nc5. Keeping Black busy.} Qxe4+ 24. Qxe4 Rxe4 25. Rxd7 Kg8 26. Rhd1 a5 {[%cal Ba7a5,Ba5a4][%mdl 32]} 27. R7d6 a4 28. Nc5 Rf4 29. Nd3 Rc4 30. a3 Re8 31. f4 Re2 32. g5 $1 {[%cal Rg5f6]} Bxc3 (32... Be7 $16 33. Rd7 Rce4) 33. bxc3 $18 Rxc3 34. Nc1 $1 {[%cal Rc1e2]} Rf2 35. R6d3 Rc4 36. Rd8+ Kh7 37. Nd3 Rh2 $2 (37... Rg2 38. Rc1 Rxc1+ 39. Kxc1 Ra2) 38. Rc1 (38. Rg1 $142) 38... Rxh3 $2 (38... Rxc1+ 39. Kxc1 Ra2) 39. Rxc4 bxc4 {KRN-KR} 40. Ne5 Rxa3 {[#]} 41. g6+ $1 {[%mdl 512] White mates.} fxg6 {[#]} 42. Nf7 $1 {[%csl Gf7][%cal Rd8h8]} g5 {[#]} 43. f5 $1 {[%csl Gf7][%cal Rd8h8,Bf4f5,Bf5f6][%mdl 32]} g6 44. f6 {Precision: White = 79%, Black = 49%.} 1-0

[Event "RUS-chT Premier League Women 2018"]
[Site "Sochi"]
[Date "2018.05.03"]
[Round "3"]
[White "Nechaeva, Marina"]
[Black "Shuvalova, Polina"]
[Result "1/2-1/2"]
[WhiteElo "2413"]
[BlackElo "2416"]
[Annotator "TA"]
[PlyCount "111"]
[EventDate "2018.??.??"]
[EventCountry "RUS"]
[SourceTitle "playchess.com"]
[Source "ChessBase"]
[SourceQuality "1"]

{[%evp 31,111,8,14,10,28,0,2,0,20,10,18,10,12,14,35,0,0,0,0,-17,0,0,0,0,0,0,0,0,8,8,8,8,8,8,8,8,15,8,8,5,36,36,44,44,44,44,44,44,44,44,44,44,44,44,44,44,44,0,44,44,44,0,0,0,0,0,99,99,99,99,99,99,99,98,99,0,0,0,0,0,0,0]} 1. d4 Nf6 2. c4 e6 3. Nc3 d5 4. cxd5 Nxd5 5. e4 Nxc3 6. bxc3 c5 7. Nf3 cxd4 8. cxd4 Bb4+ 9. Bd2 Bxd2+ 10. Qxd2 O-O 11. Bc4 Nd7 12. O-O {D41: Queen's Gambit Declined: Semi-Tarrasch with 5 cxd5} b6 13. a4 (13. Rad1 Bb7 14. Rfe1 Rc8 15. Bb3 Re8 16. h3 Nf6 17. Qf4 Nh5 18. Qe5 Nf6 19. Qf4 Nh5 20. Qh2 h6 21. d5 exd5 22. exd5 Rxe1+ 23. Nxe1 {½-½ (57) So,W (2799)-Kramnik,V (2800) Berlin 2018}) 13... Bb7 14. Rfe1 Nf6 15. Bd3 h6 16. a5 bxa5 {LiveBook: 10 Games} 17. Rxa5 Qc7 18. Rc5 Qe7 19. Qa5 Rfd8 20. h3 a6 {[#]} 21. Qa1 $146 ({Predecessor:} 21. Rc7 Rd7 {0-1 (44) Lenic,L (2662)-Swiercz,D (2654) chess.com INT 2018}) 21... Rac8 22. Ra5 ({But not} 22. Bxa6 $2 Rxc5 23. dxc5 Ra8 $19) 22... Rc7 23. Qa3 Qxa3 24. Rxa3 Rdc8 25. e5 Bxf3 26. exf6 Rc1 27. Rxc1 Rxc1+ $11 {[%mdl 4096] Endgame KRB-KRB} 28. Kh2 Bd5 29. fxg7 Bc4 30. Bxc4 Rxc4 {KR-KR} 31. d5 exd5 32. Rxa6 Kxg7 33. Rd6 Rd4 34. g4 Rd3 35. h4 Kh7 36. Kg2 Kg7 37. h5 Rd1 38. Kf3 Rd4 39. Kg3 Rd2 40. f3 Rd4 41. Kf2 Rd2+ 42. Ke3 Rd1 43. Ra6 Re1+ 44. Kd4 Rd1+ 45. Ke5 Rd3 46. f4 Rg3 47. Kf5 Rf3 48. Rd6 Rf1 (48... Rd3 $11) 49. Rxd5 $16 Rf2 50. Rd4 Rf1 51. Rd2 Rh1 52. Rg2 Rh3 53. g5 ({Better is} 53. Rc2 $16) 53... Rxh5 $11 {The position is equal.} 54. Kg4 Rh1 55. gxh6+ Rxh6 56. Kf5+ {Precision: White = 56%, Black = 64%.} 1/2-1/2

[Event "RUS-chT Premier League Women 2018"]
[Site "Sochi"]
[Date "2018.05.03"]
[Round "3"]
[White "Kovalevskaya, Ekaterina"]
[Black "Girya, Olga"]
[Result "1-0"]
[WhiteElo "2397"]
[BlackElo "2465"]
[Annotator "TA"]
[PlyCount "49"]
[EventDate "2018.??.??"]
[EventCountry "RUS"]
[SourceTitle "playchess.com"]
[Source "ChessBase"]
[SourceQuality "1"]

{[%evp 11,49,7,30,5,16,14,16,22,21,20,12,12,22,18,16,9,11,5,6,-17,0,-83,-85,-98,-104,-114,-20,-20,-19,-22,-17,-20,122,129,419,415,398,407,29985,29986]} 1. e4 c6 2. d4 d5 3. Nc3 dxe4 4. Nxe4 Bf5 5. Ng3 Bg6 6. Nh3 Nd7 7. Bc4 {B18: Classical Caro-Kann: 4...Bf5 sidelines} e6 8. Nf4 Bd6 9. Nxg6 {The position is equal.} (9. Bb3 Ngf6 10. Qf3 Qc7 11. h4 e5 12. Nxg6 hxg6 13. Bg5 exd4 14. O-O-O O-O-O 15. Rxd4 Be5 16. Rdd1 Nc5 17. Bc4 b5 18. Bxb5 cxb5 19. Qa8+ Qb8 20. Qc6+ Qc7 21. Qa8+ {½-½ (21) Fedorchuk,S (2624)-Postny,E (2611) Sibenik 2016}) 9... hxg6 10. Ne4 Ndf6 11. Ng5 Qc7 12. Qe2 b5 13. Bb3 Nh6 $146 ({Predecessor:} 13... b4 14. Bd2 Nh6 {0-1 (32) Babiy,O (2318)-Girya,O (2470) Stary Smokovec 2018}) 14. Bd2 O-O 15. h4 a5 {Hoping for ...a4.} 16. h5 (16. a4 $11 {keeps the balance.}) 16... gxh5 $17 {Threatens to win with ...a4.} 17. Ne4 Nxe4 18. Bxh6 {[#]} gxh6 (18... Ng3 $1 $17 {[%cal Rg3e2]} 19. fxg3 Bxg3+ 20. Kd1 gxh6) 19. Qxe4 $11 a4 20. Rxh5 {Threatening mate with Qg4+.} Bf4 ({Stronger than} 20... axb3 21. Qg4+ Kh7 22. Qg5 Bb4+ 23. Kf1 Qh2 24. Qxh6+ Kg8 25. Qh8#) 21. g3 {[%cal Bg2g3,Bg3f4][%mdl 32]} axb3 (21... Bg5 $11 22. Qg4 Qe7 23. Rxh6 axb3 24. cxb3 Kg7) 22. gxf4 $16 {White threatens Qg2+ and mate.} f5 $2 {[%mdl 8192]} ({Inferior is} 22... Rxa2 23. Qg2+ Kh7 {[#]} 24. Qg5 $1 {[%mdl 512]} Rxa1+ 25. Ke2 Re1+ 26. Kxe1 Qa5+ 27. Ke2 Qe1+ 28. Kxe1 bxc2 29. Rxh6#) (22... Kg7 $16) 23. Qxe6+ $18 Rf7 24. Qxh6 {[%csl Gh5][%cal Rh6h8]} Re8+ (24... Rh7 $18 25. Rg5+ Kh8 26. Qf6+ Rg7 27. cxb3 Qe7+ 28. Qxe7 Rxe7+ 29. Kd2 Raa7 30. Rxf5 Kg8 31. Rg1+ Rg7) 25. Kd2 {Precision: White = 52%, Black = 43%.} 1-0

[Event "RUS-chT Premier League Women 2018"]
[Site "Sochi"]
[Date "2018.05.03"]
[Round "3"]
[White "Dordzhieva, Dinara"]
[Black "Bivol, Alina"]
[Result "0-1"]
[WhiteElo "2303"]
[BlackElo "2327"]
[Annotator "NA"]
[PlyCount "120"]
[EventDate "2018.??.??"]
[EventCountry "RUS"]
[SourceTitle "playchess.com"]
[Source "ChessBase"]
[SourceQuality "1"]
[TimeControl "40/5400+30:1800+30"]

1. d4 {[%emt 0:00:00]} Nf6 {[%emt 0:00:17]} 2. c4 {[%emt 0:00:00]} g6 {[%emt 0:00:31]} 3. Nc3 {[%emt 0:00:00]} Bg7 {[%emt 0:00:24]} 4. e4 {[%emt 0:00:00]} d6 {[%emt 0:00:21]} 5. f3 {[%emt 0:00:00]} O-O {[%emt 0:01:06]} 6. Be3 {[%emt 0:00:05]} Nc6 {[%emt 0:00:53]} 7. Nge2 {[%emt 0:00:16]} a6 {[%emt 0:00:18]} 8. Qd2 {[%emt 0:00:10]} Rb8 {[%emt 0:00:42]} 9. Rc1 {[%emt 0:00:10]} Bd7 {[%emt 0:03:55]} 10. Nd1 {[%emt 0:00:14] E84: King's Indian: Sämisch Panno: 7 Nge2 a6 8 Qd2 Rb8} (10. h4 h5 11. Nd1 e5 12. d5 Ne7 13. Nf2 Nh7 14. c5 f5 15. Qb4 fxe4 16. fxe4 Rf6 17. cxd6 cxd6 {1-0 (37) Kovalenko,I (2667)-Smirin,I (2676) Poikovsky 2016}) 10... Re8 {[%emt 0:03:41]} 11. Nf2 {[%emt 0:00:52]} e6 {[%emt 0:02:58]} 12. g4 {[%emt 0:00:26]} b5 {[%emt 0:07:24]} 13. cxb5 {[%emt 0:00:19]} axb5 {[%emt 0:01:47]} 14. Bg2 {[%emt 0:00:14]} Qc8 $146 {[%emt 0:04:55]} ({Predecessor:} 14... e5 15. d5 Ne7 16. O-O c5 17. dxc6 Bxc6 {1-0 (86) Alexa,J (2343)-Verst,P (2300) ICCF email 2015}) 15. O-O {[%emt 0:02:50]} Qa6 {[%emt 0:04:12]} 16. b3 {[%emt 0:00:37]} Rec8 {[%emt 0:05:14]} 17. Rc2 {[%emt 0:02:38]} Nd8 {[%emt 0:07:36]} 18. Rfc1 {[%emt 0:03:05]} c6 {[%emt 0:00:11]} 19. Nd3 {[%emt 0:02:44]} Be8 {[%emt 0:06:46]} 20. Bf4 {[%emt 0:19:22]} Nb7 {[%emt 0:11:26]} 21. Nb4 {[%emt 0:01:19]} Qb6 {[%emt 0:00:36]} 22. Be3 {[%emt 0:00:32]} c5 {[%emt 0:06:28]} 23. Nd3 {[%emt 0:02:09]} Rd8 {[%emt 0:03:11]} 24. dxc5 {[%emt 0:25:40]} dxc5 {[%emt 0:01:01]} 25. b4 {[%emt 0:00:02]} Nd7 {[%emt 0:16:23]} 26. bxc5 {[%emt 0:04:48]} Ndxc5 {[%emt 0:00:29]} 27. Rxc5 {[%emt 0:00:15]} Nxc5 {[%emt 0:00:10]} 28. Bxc5 {[%emt 0:00:58]} Qa6 {[%emt 0:00:57]} 29. Qe3 {[%emt 0:14:21]} Qxa2 {[%emt 0:01:03]} 30. e5 {[%emt 0:00:30]} Qa4 {[%emt 0:04:07]} 31. Bd6 {[%emt 0:03:32]} Rbc8 {[%emt 0:00:21]} 32. Nc5 {[%emt 0:00:34]} Qa7 {[%emt 0:00:40]} 33. Kh1 {[%emt 0:02:21]} b4 {[%emt 0:03:22]} 34. f4 {[%emt 0:10:58]} Bc6 {[%emt 0:01:38]} 35. Bxc6 {[%emt 0:02:17]} Rxc6 {[%emt 0:00:01]} 36. Qe4 {[%emt 0:01:21]} Qa8 {[%emt 0:00:51]} 37. Rb1 {[%emt 0:00:26]} Bf8 {[%emt 0:01:05]} 38. Bxf8 {[%emt 0:02:23]} Kxf8 {[%emt 0:00:54]} 39. Nd4 {[%emt 0:00:30]} Rxc5 {[%emt 0:00:21]} 40. Qxa8 {[%emt 0:00:00]} Rxa8 41. Rxb4 {[%emt 0:00:21]} Ra1+ {[%emt 0:01:33]} 42. Kg2 {[%emt 0:00:03]} Ra2+ {[%emt 0:00:15]} 43. Kf3 {[%emt 0:00:34]} Rc3+ {[%emt 0:09:08]} 44. Ke4 {[%emt 0:00:11]} Rc8 {[%emt 0:08:08]} 45. h3 {[%emt 0:07:48]} Rca8 $19 {[%emt 0:00:11]} 46. Rb6 {[%emt 0:04:11]} R2a4 {[%emt 0:00:39]} 47. Rd6 {[%emt 0:03:32]} Ke8 {[%emt 0:02:32]} 48. f5 {[%emt 0:00:50]} R8a6 {[%emt 0:02:36]} 49. fxe6 {[%emt 0:01:34]} fxe6 {[%emt 0:00:11]} 50. Rxa6 {[%emt 0:00:12]} Rxa6 {[%emt 0:00:01]} 51. Nf3 {[%emt 0:00:05]} Ra4+ {[%emt 0:00:06]} 52. Ke3 {[%emt 0:00:04]} Kd7 {[%emt 0:00:46]} 53. Kf2 {[%emt 0:02:51]} Ra3 {[%emt 0:01:06]} 54. Kg2 {[%emt 0:00:12]} Re3 {[%emt 0:04:00]} 55. Kf2 {[%emt 0:00:22]} Re4 {[%emt 0:01:20]} 56. Kg3 {[%emt 0:00:01]} h6 {[%emt 0:01:15]} 57. Nh4 {[%emt 0:00:52]} g5 {[%emt 0:00:14]} 58. Ng6 {[%emt 0:00:04]} Ke8 {[%emt 0:00:56]} 59. h4 {[%emt 0:00:02]} Ra4 {[%emt 0:01:53]} 60. h5 {[%emt 0:00:33]} Ra8 {[%emt 0:00:19]} 0-1

[Event "RUS-chT Premier League Women 2018"]
[Site "Sochi"]
[Date "2018.05.03"]
[Round "3"]
[White "Styazhkina, Anna"]
[Black "Markelova, Lubov"]
[Result "1-0"]
[WhiteElo "2299"]
[BlackElo "2144"]
[Annotator "NA"]
[PlyCount "145"]
[EventDate "2018.??.??"]
[EventCountry "RUS"]
[SourceTitle "playchess.com"]
[Source "ChessBase"]
[SourceQuality "1"]
[TimeControl "40/5400+30:1800+30"]

1. e4 {[%emt 0:00:00]} e6 {[%emt 0:00:04]} 2. d4 {[%emt 0:00:00]} d5 {[%emt 0:00:04]} 3. Nd2 {[%emt 0:00:00]} c5 {[%emt 0:00:23]} 4. Ngf3 {[%emt 0:00:09]} cxd4 {[%emt 0:00:58]} 5. Nxd4 {[%emt 0:00:09]} Nc6 {[%emt 0:03:53]} 6. Bb5 {[%emt 0:00:30]} Bd7 {[%emt 0:01:34]} 7. Nxc6 {[%emt 0:00:11]} Bxc6 {[%emt 0:00:18]} 8. Bxc6+ {[%emt 0:00:12]} bxc6 {[%emt 0:00:04]} 9. c4 {[%emt 0:00:19]} Nf6 {[%emt 0:05:56]} 10. Qa4 {[%emt 0:03:11] C07: French Tarrasch: 3...c5, 4 Ngf3 and 4 exd5 Qxd5} Qc7 {[%emt 0:05:28]} (10... Qd7 11. e5 Ng4 12. Nf3 f6 13. exf6 gxf6 14. cxd5 exd5 15. O-O Bd6 16. Bf4 c5 17. Rfe1+ Be7 18. Rxe7+ Kxe7 {1-0 (46) Anand,V (2803)-Bartel,M (2622) Berlin 2015}) 11. exd5 {[%emt 0:04:04]} exd5 {[%emt 0:01:32]} 12. O-O {[%emt 0:00:46]} Be7 {[%emt 0:03:32]} 13. b3 {[%emt 0:04:19]} O-O {[%emt 0:04:04]} 14. Bb2 {[%emt 0:01:50]} Rfd8 {[%emt 0:13:43]} 15. Nf3 {[%emt 0:01:23]} Ne4 {[%emt 0:10:52]} 16. Rac1 $146 {[%emt 0:16:53]} ({Predecessor:} 16. cxd5 cxd5 17. Rac1 Qb7 {½-½ (41) Herrmann,H (2294)-Weber,K (2358) GER email 2008}) 16... Nc5 {[%emt 0:05:05]} 17. Qb4 {[%emt 0:00:27]} Nd3 {[%emt 0:02:00]} 18. Qc3 {[%emt 0:00:30]} Nxb2 {[%emt 0:01:31]} 19. Qxb2 Bf6 {[%emt 0:01:41]} 20. Qc2 {[%emt 0:07:44]} Qa5 {[%emt 0:05:41]} 21. cxd5 {[%emt 0:16:03]} cxd5 {[%emt 0:00:24]} 22. Rfd1 {[%emt 0:01:33]} Qb4 {[%emt 0:05:31]} 23. Qc6 {[%emt 0:09:46]} Qe4 {[%emt 0:07:16]} 24. Kf1 {[%emt 0:11:02]} Qe6 {[%emt 0:09:34]} 25. Qb7 {[%emt 0:04:53]} a5 {[%emt 0:02:49]} 26. Rc6 {[%emt 0:03:40]} Qd7 {[%emt 0:04:37]} 27. Rc7 {[%emt 0:05:02]} Qe6 {[%emt 0:00:14]} 28. Re1 {[%emt 0:03:00]} Qa6+ {[%emt 0:01:44]} 29. Qxa6 {[%emt 0:00:32]} Rxa6 {[%emt 0:00:04]} 30. Rd7 {[%emt 0:02:22]} Raa8 {[%emt 0:01:08]} 31. Rxd8+ {[%emt 0:01:15]} Rxd8 {[%emt 0:00:04]} 32. Rc1 {[%emt 0:01:05]} d4 {[%emt 0:02:17]} 33. Ke2 {[%emt 0:00:56]} d3+ {[%emt 0:01:30]} 34. Kd2 {[%emt 0:00:26]} Bb2 {[%emt 0:01:11]} 35. Rc4 {[%emt 0:00:23]} Ba3 {[%emt 0:00:29]} 36. Rd4 {[%emt 0:00:23]} Bb4+ {[%emt 0:00:24]} 37. Kxd3 {[%emt 0:00:19]} Rc8 {[%emt 0:00:39]} 38. Rc4 {[%emt 0:02:11]} Rd8+ {[%emt 0:00:14]} 39. Nd4 {[%emt 0:01:01]} g6 {[%emt 0:00:43]} 40. Kc2 {[%emt 0:00:00]} Re8 {[%emt 0:00:33]} 41. Kd3 {[%emt 0:03:08]} Rd8 {[%emt 0:06:22]} 42. Ke2 {[%emt 0:03:01]} Kg7 {[%emt 0:11:04]} 43. Nc2 {[%emt 0:01:33]} Be7 {[%emt 0:01:48]} 44. Ne3 {[%emt 0:00:57]} Bb4 {[%emt 0:00:57]} 45. Rc2 {[%emt 0:00:50]} h5 {[%emt 0:06:02]} 46. Nc4 {[%emt 0:00:25]} Rd5 {[%emt 0:00:22]} 47. a3 {[%emt 0:02:54]} Be7 {[%emt 0:01:00]} 48. Rd2 {[%emt 0:01:10]} Rb5 {[%emt 0:01:23]} 49. Rd3 {[%emt 0:00:34]} Rc5 {[%emt 0:00:57]} 50. Rd7 $16 {[%emt 0:03:25]} Kf6 {[%emt 0:04:21]} 51. a4 {[%emt 0:02:39]} Ke6 {[%emt 0:01:10]} 52. Ra7 {[%emt 0:00:25]} Bd8 {[%emt 0:00:35]} 53. Ra6+ {[%emt 0:02:35]} Kd7 {[%emt 0:00:30]} 54. Ke3 {[%emt 0:00:55]} Rg5 {[%emt 0:00:35]} 55. g3 {[%emt 0:00:20]} Rf5 {[%emt 0:00:31]} 56. f4 {[%emt 0:01:20]} Bc7 {[%emt 0:00:30]} 57. Kd4 {[%emt 0:05:18]} h4 {[%emt 0:00:31]} 58. Ne3 {[%emt 0:00:17]} Rh5 {[%emt 0:00:26]} 59. g4 {[%emt 0:01:20]} Rh8 {[%emt 0:00:17]} 60. Nd5 {[%emt 0:00:06]} Bd8 {[%emt 0:00:48]} 61. Ra7+ {[%emt 0:04:28]} Ke6 {[%emt 0:00:29]} 62. h3 {[%emt 0:01:12]} Rf8 {[%emt 0:00:31]} 63. Rb7 {[%emt 0:01:15]} Rh8 {[%emt 0:00:28]} 64. Ra7 {[%emt 0:01:14]} Rf8 {[%emt 0:00:05]} 65. Kc5 {[%emt 0:00:25]} Rh8 {[%emt 0:00:59]} 66. Ra6+ {[%emt 0:01:33]} Kd7 {[%emt 0:00:11]} 67. Ra7+ {[%emt 0:00:58]} Ke6 {[%emt 0:00:05]} 68. Kc6 {[%emt 0:00:35]} Rf8 {[%emt 0:00:44]} 69. Ra8 {[%emt 0:00:24]} Rh8 {[%emt 0:00:58]} 70. Ne3 {[%emt 0:00:33]} Ke7 {[%emt 0:00:31]} 71. Nc4 {[%emt 0:00:20]} Re8 {[%emt 0:00:26]} 72. Nd6 {[%emt 0:00:16]} Rf8 {[%emt 0:00:32]} 73. Nb7 {[%emt 0:00:08]} 1-0